Fifa 17 Top 100 Premier League Players - Statistics

General Stats
  • This quiz has been taken 56 times
  • The average score is 62 of 100
Answer Stats
Rating Team Nation Player % Correct
89 Chelsea Belgium Eden Hazard
100%
88 Tottenham Hotspur France Hugo Lloris
100%
88 Manchester United France Paul Pogba
100%
89 Manchester City Argentina Sergio Aguero
100%
90 Manchester United Sweden Zlatan Ibrahimovic
100%
88 Arsenal Chile Alexis Sanchez
98%
88 Manchester City Belgium Kevin De Bruyne
98%
89 Arsenal Germany Mesut Ozil
98%
89 Chelsea Belgium Thibaut Courtois
98%
90 Manchester United Spain David De Gea
95%
87 Manchester City Spain David Silva
95%
88 Arsenal Czech Republic Petr Cech
95%
85 Tottenham Hotspur England Harry Kane
93%
85 Leicester City Algeria Riyad Mahrez
93%
86 Manchester City Belgium Vincent Kompany
93%
86 West Ham United France Dimitri Payet
89%
85 Tottenham Hotspur Denmark Christian Eriksen
86%
83 Tottenham Hotspur Belgium Jan Vertonghen
86%
86 Chelsea Spain Cesc Fabregas
84%
85 Manchester City Germany Ilkay Gundogan
84%
83 Liverpool Brazil Roberto Firmino
84%
84 Manchester City Ivory Coast Yaya Toure
84%
82 Tottenham Hotspur England Dele Alli
82%
86 Chelsea Spain Diego Costa
82%
85 Manchester United Armenia Henrikh Mkhitaryan
82%
84 Manchester United Spain Juan Mata
82%
84 Chelsea Spain Cesar Azpilicueta
80%
84 Arsenal Switzerland Granit Xhaka
80%
83 Chelsea France N'Golo Kante
80%
85 Tottenham Hotspur Belgium Toby Alderweireld
80%
85 Chelsea Brazil Willian
80%
84 Arsenal Wales Aaron Ramsey
77%
83 Liverpool Cameroon Joel Matip
77%
82 Liverpool Senegal Sadio Mane
77%
82 Leicester City England Jamie Vardy
75%
82 Liverpool England Jordan Henderson
75%
83 Leicester City Denmark Kasper Schmeichel
75%
85 Manchester City Argentina Nicolas Otamendi
75%
84 Everton Belgium Romelu Lukaku
75%
85 Manchester City Chile Claudio Bravo
73%
84 Chelsea Serbia Nemanja Matic
73%
86 Liverpool Brazil Philippe Coutinho
73%
84 Chelsea Brazil David Luiz
70%
83 Chelsea Brazil Oscar
70%
86 Arsenal Spain Santi Cazorla
70%
82 Manchester United Ecuador Antonio Valencia
68%
85 Arsenal France Laurent Koscielny
68%
84 Chelsea England John Terry
66%
83 Manchester United Germany Bastian Schweinsteiger
64%
82 Tottenham Hotspur England Kyle Walker
64%
82 Liverpool Croatia Dejan Lovren
61%
82 Southampton Netherlands Virgil Van Dijk
61%
84 Manchester United England Wayne Rooney
61%
82 Manchester City England Raheem Sterling
59%
82 Manchester United France Anthony Martial
57%
82 Manchester United Ivory Coast Eric Bailly
57%
82 Tottenham Hotspur Belgium Mousa Dembele
57%
83 Arsenal France Olivier Giroud
57%
83 Arsenal Germany Per Mertesacker
57%
83 Arsenal Germany Shkodran Mustafi
57%
82 Stoke City Switzerland Xherdan Shaqiri
55%
83 Manchester United Spain Ander Herrera
52%
84 Liverpool England Daniel Sturridge
52%
82 Swansea City Iceland Gylfi Sigurdsson
52%
83 Chelsea Spain Pedro
52%
83 Chelsea Bosnia-Herzegovina Asmir Begovic
50%
83 Chelsea England Gary Cahill
50%
83 Leicester City Algeria Islam Slimani
50%
82 Everton Republic of Ireland Seamus Coleman
50%
83 Everton England Leighton Baines
48%
82 Manchester City Argentina Pablo Zabaleta
48%
83 Everton Wales Ashley Williams
45%
82 Manchester City France Bacary Sagna
45%
84 Manchester United England Chris Smalling
45%
81 Tottenham Hotspur Argentina Erik Lamela
45%
81 Liverpool Netherlands Georginio Wijnaldum
45%
82 Liverpool France Mamadou Sakho
43%
82 Stoke City Austria Marko Arnautovic
43%
81 Tottenham Hotspur England Danny Rose
39%
82 Liverpool Germany Loris Karius
39%
81 Arsenal Spain Nacho Monreal
36%
83 Liverpool England Adam Lallana
34%
82 Everton Senegal Idrissa Gueye
34%
82 Manchester United France Morgan Schneiderlin
34%
81 Liverpool England Nathaniel Clyne
32%
85 Crystal Palace France Steve Mandanda
32%
81 Middlesbrough Spain Alvaro Negredo
27%
83 Southampton Portugal Jose Fonte
27%
83 Manchester City Spain Nolito
27%
81 Chelsea Belgium Michy Batshuayi
25%
82 Middlesbrough Spain Victor Valdes
25%
81 Stoke City Ivory Coast Wilfried Bony
25%
82 AFC Bournemouth England Jack Wilshere
20%
82 Everton England Phil Jagielka
20%
82 Stoke City England Jack Butland
18%
81 Arsenal France Francis Coquelin
16%
81 Sunderland England Jermain Defoe
11%
81 Crystal Palace France Loic Remy
11%
81 Arsenal Spain Lucas Perez
11%
82 Stoke City Spain Bojan Krkic
9%
No matching quizzes found
Score Distribution
Percent of People with Each Score
Percentile by Number Answered
Your Score History
You have not taken this quiz